| 000 | 00741nam a2200205 a 4500 | ||
|---|---|---|---|
| 001 | 000043152 | ||
| 005 | 20201002040658.0 | ||
| 008 | 140220s1990 sp ab 000 0 spa d | ||
| 020 | _a8487290124 | ||
| 040 |
_aDO-SdBNP _bspa _cBNPHU |
||
| 082 |
_axxx _bxxx |
||
| 100 | 1 |
_aAzorín, Francisco _d1915- _970711 |
|
| 245 | 1 | 3 |
_aLa Castellana, escenario de poder : _bdel Palacio de Linares a la Torre de Picasso / _cFrancisco Azorín & Ma. Isabel Gea. |
| 260 |
_aMadrid : _bLa Librería, _c1990. |
||
| 300 |
_a267 p. : _bil., mapas ; _c21 cm. |
||
| 490 | 1 | _aBiblioteca básica de Madrid. | |
| 500 | _aIncluye datos biográficos de las autoras en la solapa | ||
| 504 | _aBibliografía : p. 257-261 | ||
| 830 | 0 |
_aBiblioteca básica de Madrid. _970712 |
|
| 999 |
_c42641 _d42641 |
||